Programming Web Applications with Node, Express and Pug

Wedi'i Gadw mewn:
Manylion Llyfryddiaeth
Prif Awdur: Krause, Jörg
Fformat: Llyfr
Cyhoeddwyd: Apress
Tagiau: Ychwanegu Tag
Dim Tagiau, Byddwch y cyntaf i dagio'r cofnod hwn!

MARC

LEADER 00000nam a2200000Ia 4500
005 20260515061618.0
100 |a Krause, Jörg. 
020 |a 9781484225103 
942 |c BK 
245 |a Programming Web Applications with Node, Express and Pug  
260 |b Apress 
999 |c 79  |d 79 
952 |0 0  |1 0  |4 0  |7 0  |a ABDN  |b ABDN  |d 2026-05-15  |l 0  |p 000006  |r 2026-05-15 06:16:18  |w 2026-05-15  |y BK